Gestión informática de la producción
Saved in:
| Hovedforfatter: | |
|---|---|
| Format: | Bog |
| Sprog: | spansk |
| Udgivet: |
Madrid
Paraninfo
1991
|
| Fag: | |
| Tags: |
Tilføj Tag
Ingen Tags, Vær først til at tagge denne postø!
|
MARC
| LEADER | 00000nam a2200000 a 4500 | ||
|---|---|---|---|
| 001 | UCT0380 | ||
| 003 | CL-VaPUC | ||
| 008 | 960830e19910000SP |||||||||||||||||spa|d | ||
| 082 | 0 | 4 | |a 658.514 |b SOL |2 21 |
| 100 | 0 | |a Soler Mateo, Fernando |e author |9 369021 | |
| 245 | 1 | 0 | |a Gestión informática de la producción |
| 300 | |a 437 p | ||
| 942 | |c BK | ||
| 945 | |d 19960830 00:00:00 |a nastorga | ||
| 260 | |a Madrid |b Paraninfo |c 1991 | ||
| 650 | 7 | |a EMPRESAS INDUSTRIALES |2 CL-VaPUC |9 345235 | |
| 650 | 0 | |a Sistemas de información |9 260286 | |
| 650 | 0 | |a Comunicación |9 257251 | |
| 650 | 0 | |a Informática |9 260044 | |
| 650 | 0 | |a Automatización |9 299909 | |
| 650 | 0 | |a Comercialización |9 259326 | |
| 650 | 0 | |a Finanzas |9 260832 | |
| 650 | 7 | |a COMPRA |2 CL-VaPUC |9 369023 | |
| 650 | 0 | |a Productividad |9 335972 | |
| 650 | 0 | |a Consumidores |9 315658 | |
| 650 | 0 | |a Mantenimiento |9 271710 | |
| 650 | 0 | |a Marketing |9 259324 | |
| 650 | 7 | |a DISEÑO CON AYUDA DE COMPUTADOR |2 CL-VaPUC |9 369024 | |
| 650 | 0 | |a Gestión de la producción |9 259467 | |
| 650 | 0 | |a Gestión industrial |9 263790 | |
| 583 | |a last modification |c 19960830 00:00:00 |k Rodrigo Vera | ||
| 999 | |c 251387 |d 251385 | ||
| 952 | |0 0 |1 0 |4 0 |6 658_514000000000000_SOL_1991 |7 0 |8 A |9 270503 |a BIBING |b BIBING |d 2019-11-19 |i 3225232 |o 658.514 SOL 1991 |p 3225232 |r 2025-01-20 |w 2019-11-19 |y BK |k EII | ||